000 00673cab a2200241 4500
001 ABS45211
008 090401t1991 xxu||||| |||| 00| 0 eng d
035 _a(Sirsi) u51545
041 _aeng
100 _aStedman, L.
245 _aEstate duty
260 _c1991
350 _a0
490 _aNew Civil Engineer
_v(964) 26 September 1991, 26-28(3)
520 _aReports on the demolition of towers blocks in London`s East End, neighbours of the notorious Ronan Point.
650 _aDEMOLITION
650 _aLONDON
650 _aRONAN POINT
650 _aTOWERS BLOCKS
690 _aBUILT ENVIRONMENT-BUILDING PATHOLOGY
942 _n0
948 _c04/03/1997
999 _c32001
_d32001